| Tag |
First Indicator |
Second Indicator |
Subfields |
| LEADER |
00000cam a2200000 4500 |
| 001 |
in00000459721 |
| 005 |
20151012093712.0 |
| 008 |
720918s1972 nyua b 00000 eng |
| 010 |
|
|
|a 72003417
|
| 020 |
|
|
|a 0394467108
|c $8.95
|
| 035 |
|
|
|a (OCoLC)00446016
|
| 035 |
|
|
|9 ABY8725AM
|
| 040 |
|
|
|a DLC
|c DLC
|d TXA
|d UtOrBLW
|
| 041 |
1 |
|
|a eng
|a fre
|
| 049 |
|
|
|a TXAM
|c [1017138]
|
| 050 |
0 |
0 |
|a HQ773.7
|b .M313 1973
|
| 060 |
|
0 |
|a WS107 M285e 1972
|
| 082 |
0 |
|
|a 618.9/28/588
|
| 100 |
1 |
|
|a Mannoni, Maud,
|d 1923-
|
| 240 |
1 |
2 |
|a L'enfant arriere et sa mere. English
|
| 245 |
1 |
4 |
|a The backward child and his mother ;
|b a psychoanalytic study /
|c Translated from the French by A. M. Sheridan Smith.
|
| 250 |
|
|
|a [1st American ed.].
|
| 264 |
|
1 |
|a New York :
|b Pantheon Books,
|c [1972]
|
| 264 |
|
4 |
|c [©1972]
|
| 300 |
|
|
|a xxvii, 242 pages :
|b illustrations ;
|c 22 cm.
|
| 336 |
|
|
|a text
|b txt
|2 rdacontent
|
| 337 |
|
|
|a unmediated
|b n
|2 rdamedia
|
| 338 |
|
|
|a volume
|b nc
|2 rdacarrier
|
| 490 |
1 |
|
|a World of man
|
| 500 |
|
|
|a Translation of L'enfant arriere et sa mere.
|
| 504 |
|
|
|a Includes bibliographical references.
|
| 650 |
|
0 |
|a Children with mental disabilities.
|
| 650 |
|
2 |
|a Intellectual Disability.
|
| 650 |
|
2 |
|a Parent-Child Relations.
|
| 650 |
|
2 |
|a Psychoanalysis
|x in infancy & childhood.
|
| 830 |
|
0 |
|a World of man.
|
| 999 |
|
|
|a MARS
|
| 999 |
f |
f |
|s 7d094945-ab29-3352-bb39-a3b3002ad807
|i 57ee748f-ddfd-3071-ad88-c5ebff91b0d0
|t 0
|
| 952 |
f |
f |
|p ric
|a Texas A&M University
|b Rellis Campus
|c Joint Library Facility
|d Remote Storage
|t 0
|e HQ773.7 .M313 1973
|h Library of Congress classification
|i unmediated -- volume
|m A14802968081
|
| 998 |
f |
f |
|a HQ773.7 .M313 1973
|t 0
|l Remote Storage
|